000 00681nam a2200253Ia 4500
003 OSt
005 20220926015431.0
006 a|||||r|||| 00| 0
007 ta
008 220923b |||||||| |||| 00| 0 eng d
020 _aI403917132
037 _cGeneral Book
040 _aRTL
_cRTL
_beng
041 _2eng
_aeng
082 _aY38, P3
100 _aOzkirimli Umut
_9322257
245 0 _aNationalism and its futures
260 _aNew York
_bPalgrave Macmillan
_c2003
300 _ax, 156p
_ccm.
500 _aBibliography Chapterwise
650 _aNationalism Sociology
942 _hY38, P3
_cGB
_2CC
999 _c631517
_d631517